000 00264nam a22001217a 4500
008 170714b xxu||||| |||| 00| 0 eng d
041 _aeng
080 _a16
100 _a24
101 _aFJA
245 _aESSAYS IN EXPERIMENTAL LOGIC
_cDEWEY,J
942 _2udc
_cBK
999 _c20692
_d20692